00427nam a22001457a 4500020001800000040000900018082001600027100002600043245001400069260004700083650001400130942001200144999001900156952010600175 a9780471184768 cNust a540.21bBRA ajames-e-brady9127581 achemistry aNew York:bJohn Wiley and sons Inc,c2000. achemistry 2ddccBK c612663d612663 00102ddc4070aCEMEbCEMEcGENd2025-01-15l0o540.21 BRApCEME- 34569r2025-01-15w2025-01-15yBK